El paquete parlante / (Registro nro. 8956)

Detalles MARC
000 -LIDER
fixed length control field 00914nam a22002777a 4500
001 - NÚMERO DE CONTROL
Identificador de número de control 00260
003 - IDENTIFICACDOR DE NÚMERO DE CONTROL
control field DO-SdBPM
005 - DATE AND TIME OF LATEST TRANSACTION
control field 20241209093913.0
008 - ELEMENTOS DE LONGITUD FIJA
fixed length control field 151130b1987 sp ||| 00| 0 spa d
020 ## - ISBN
International Standard Book Number 8420432121
040 ## - FUENTE DE CATALOGACIÓN
Agencia que crea de manera original el registro DO-SdBPM
Idioma de catalogación spa
Agencia que realiza la transcripción BPMSU
082 #4 - NÚMERO DE CLASIFICACIÓN DECIMAL DE DEWEY
Classification number 823.91
Item number D965p 1987
Edition number 22
100 1# - ASIENTO PRINCIPAL -- NOMBRE PERSONAL
Nombre personal Durrell, Gerald Malcolm,
Fechas asociadas con el nombre 1925-1995.
240 ## - TITULO UNIFORME
Título uniforme The talking parcel
Idioma de una obra Español
245 10 - MENCIÓN DE TITULO
Título El paquete parlante /
Mención de responsabilidad Gerald Durrel ; traducción de María Luisa Balseiro ; ilustraciones de Alicia Sancha.
250 ## - MENCIÓN DE EDICION
Mención de edición 5a ed.
260 ## - PUBLICACIÓN, DISTRIBUCIÓN, ETC. (PIE DE IMPRENTA)
Lugar de publicación, distribución, etc Madrid :
Nombre del editor, distribuidor, etc. Ediciones Alfaguara,
Fecha de publicación, distribución, etc 1987
300 ## - DESCRIPCIÓN FÍSICA
Extensión 230 p. ;
Otros detalles físicos ils. ;
Dimensiones 21 cm.
490 0# - MENCIÓN DE SERIES
Mención de serie Juvenil Alfaguara,
Volume/sequential designation 29
590 ## - NOTA LOCAL
Texto de la nota local Inventariado, 2024/VM
650 #4 - ENCABEZAMIENTO DE MATERIA--TEMÁTICO
Término temático o nombre geográfico como elemento de entrada Cuentos juveniles ingleses
700 1# - ASIENTO SECUNDARIO -- NOMBRE PERSONAL
Nombre personal Balseiro, María Luisa,
Mención de responsabilidad traductor
700 1# - ASIENTO SECUNDARIO -- NOMBRE PERSONAL
Nombre personal Sancha, Alicia,
Mención de responsabilidad ilustraciones
910 ## - VALIDACIÓN
Validación VMateo V. Control de calidad. BPMSU
942 ## - ADDED ENTRY ELEMENTS (KOHA)
Source of classification or shelving scheme Dewey Decimal Classification
Koha item type Libros
Existencias
Withdrawn status Lost status Source of classification or shelving scheme Damaged status Not for loan Collection code Home library Current library Date acquired Source of acquisition Total Checkouts Full call number Barcode Date last seen Copy number Price effective from Koha item type
    Dewey Decimal Classification     Colección Juvenil General Biblioteca Pública Metropolitana Salomé Ureña Biblioteca Pública Metropolitana Salomé Ureña 11/30/2015 FUNDI   BPMSU CJG 823.91 D965p 1985 BPMSU15110541 11/30/2015 11/30/2015 Libros